Theorizing visual studies : (Record no. 9621)
[ view plain ]
| 000 -LEADER | |
|---|---|
| fixed length control field | 01317aam a2200385 i 4500 |
| 001 - ACCESSION NUMBER | |
| control field | 11862 |
| 003 - CONTROL NUMBER IDENTIFIER | |
| control field | CUTN |
| 005 - DATE AND TIME OF LATEST TRANSACTION | |
| control field | 20131111132835.0 |
| 008 - FIXED-LENGTH DATA ELEMENTS--GENERAL INFORMATION | |
| fixed length control field | 120529s2013 nyua b 001 0 eng |
| 010 ## - LIBRARY OF CONGRESS CONTROL NUMBER | |
| LC control number | 2012021604 |
| 015 ## - NATIONAL BIBLIOGRAPHY NUMBER | |
| National bibliography number | GBB293446 |
| Source | bnb |
| 020 ## - INTERNATIONAL STANDARD BOOK NUMBER | |
| International Standard Book Number | 9780415877930 (hbk) : |
| Terms of availability | £95.00 |
| 020 ## - INTERNATIONAL STANDARD BOOK NUMBER | |
| International Standard Book Number | 0415877938 (hbk) : |
| Terms of availability | £95.00 |
| 020 ## - INTERNATIONAL STANDARD BOOK NUMBER | |
| International Standard Book Number | 9780415877947 (pbk) : |
| Terms of availability | £39.99 |
| 020 ## - INTERNATIONAL STANDARD BOOK NUMBER | |
| International Standard Book Number | 0415877946 (pbk) : |
| Terms of availability | £39.99 |
| 020 ## - INTERNATIONAL STANDARD BOOK NUMBER | |
| Cancelled/invalid ISBN | 9780203121139 (ebk) : |
| Terms of availability | £90.00 |
| 020 ## - INTERNATIONAL STANDARD BOOK NUMBER | |
| Cancelled/invalid ISBN | 0203121139 (ebk) : |
| Terms of availability | £90.00 |
| 035 ## - SYSTEM CONTROL NUMBER | |
| System control number | (Uk)016172165 |
| 040 ## - CATALOGING SOURCE | |
| Original cataloging agency | StDuBDS |
| Language of cataloging | eng |
| Transcribing agency | StDuBDS |
| Modifying agency | Uk |
| Description conventions | rda |
| Modifying agency | UkOxU |
| 042 ## - AUTHENTICATION CODE | |
| Authentication code | ukblsr |
| 050 00 - LIBRARY OF CONGRESS CALL NUMBER | |
| Classification number | N72.S6 |
| Item number | T47 2012 |
| 082 00 - DEWEY DECIMAL CLASSIFICATION NUMBER | |
| Classification number | 700 |
| Edition number | 23 |
| 100 ## - MAIN ENTRY--PERSONAL NAME | |
| Locally assigned cutter number (author) | ELK |
| 245 00 - TITLE STATEMENT | |
| Title | Theorizing visual studies : |
| Remainder of title | writing through the discipline / |
| Statement of responsibility, etc | edited by James Elkins and Kristi McGuire, with Maureen Burns, Alicia Chester, and Joel Kuennen. |
| 300 ## - PHYSICAL DESCRIPTION | |
| Extent | xv, 303 pages : |
| Other physical details | illustrations ; |
| Dimensions | 27 cm |
| 500 ## - GENERAL NOTE | |
| General note | Formerly CIP. |
| Institution to which field applies | Uk |
| 504 ## - BIBLIOGRAPHY, ETC. NOTE | |
| Bibliography, etc | Includes bibliographical references and index. |
| 650 #0 - SUBJECT ADDED ENTRY--TOPICAL TERM | |
| Topical term or geographic name as entry element | Art and society. |
| 650 #0 - SUBJECT ADDED ENTRY--TOPICAL TERM | |
| Topical term or geographic name as entry element | Visual communication. |
| 650 #0 - SUBJECT ADDED ENTRY--TOPICAL TERM | |
| Topical term or geographic name as entry element | Aesthetics. |
| 700 1# - ADDED ENTRY--PERSONAL NAME | |
| Personal name | Elkins, James, |
| Dates associated with a name | 1955- |
| Relator term | editor of compilation. |
| 700 1# - ADDED ENTRY--PERSONAL NAME | |
| Personal name | McGuire, Kristi, |
| Relator term | editor of compilation. |
| 942 ## - ADDED ENTRY ELEMENTS (KOHA) | |
| Source of classification or shelving scheme | Dewey Decimal Classification |
| Koha item type | General Books |
| Date last seen | Total Checkouts | Total Renewals | Full call number | Barcode | Date checked out | Copy number | Price effective from | Koha item type | Lost status | Source of classification or shelving scheme | Damaged status | Not for loan | Withdrawn status | Home library | Current library | Shelving location | Date acquired |
|---|---|---|---|---|---|---|---|---|---|---|---|---|---|---|---|---|---|
| 16/08/2024 | 3 | 2 | 700 | 11862 | 14/02/2020 | 1 | 11/11/2013 | General Books | Dewey Decimal Classification | CUTN Central Library | CUTN Central Library | Arts & Sports | 11/11/2013 |
